| 000 | 00495nmm a2200169Ia 4500 | ||
|---|---|---|---|
| 008 | 251105s9999||||xx |||||||||||||||||und|| | ||
| 020 | _a8497424662 | ||
| 041 | _aspa | ||
| 100 | _aOrtega, Juan Pablo | ||
| 245 | 0 | _aEl largo combate de un viejo laicista | |
| 264 |
_a[Madrid, España] : _bBiblioteca Nueva, _c2005 |
||
| 300 | _a237 páginas | ||
| 490 | _aEnsayo Pensamiento | ||
| 650 | _aPolitical Science (General) | ||
| 856 | _uhttps://public.digitaliapublishing.com/a/5252 | ||
| 942 | _cCF | ||
| 999 |
_c74195 _d74195 |
||